Online
Catalog

Genealogía de la moral / (Record no. 24438)

MARC details
000 -CABECERA
campo de control de longitud fija 00597nam a2200193 a 4500
001 - NÚMERO DE CONTROL
campo de control 000024945
005 - FECHA Y HORA DE LA ÚLTIMA TRANSACCIÓN
campo de control 20200930023451.0
008 - DATOS DE LONGITUD FIJA--INFORMACIÓN GENERAL
campo de control de longitud fija 110208s1974 ck r 000 0 spa d
040 ## - FUENTE DE LA CATALOGACIÓN
Centro catalogador/agencia de origen DO-SdBNP
Lengua de catalogación spa
Centro/agencia transcriptor BNPHU
082 ## - NÚMERO DE LA CLASIFICACIÓN DECIMAL DEWEY
Número de clasificación xxxxx
Número de documento/Ítem N677g
049 ## - FONDOS LOCALES (OCLC)
Fondos de biblioteca BNGR
100 1# - ENTRADA PRINCIPAL--NOMBRE DE PERSONA
Nombre de persona Nietzsche, Friedrich Wilhelm,
Fechas asociadas al nombre 1844-1900
Forma completa/desarrollada del nombre Nietzsche, Federico
9 (RLIN) 51194
245 10 - MENCIÓN DE TÍTULO
Título Genealogía de la moral /
Mención de responsabilidad, etc. Federico Nietzsche.
250 ## - MENCIÓN DE EDICIÓN
Mención de edición 2a ed.
260 ## - PUBLICACIÓN, DISTRIBUCIÓN, ETC.
Lugar de publicación, distribución, etc. Medellín, Colombia :
Nombre del editor, distribuidor, etc. Bedout,
Fecha de publicación, distribución, etc. 1974.
300 ## - DESCRIPCIÓN FÍSICA
Extensión 135 p. ;
Dimensiones 18.5 cm.
490 1# - MENCIÓN DE SERIE
Mención de serie Bolsilibros Bedout ;
Designación de volumen o secuencia 108
830 #0 - PUNTO DE ACCESO ADICIONAL DE SERIE-TÍTULO UNIFORME
Título uniforme Bolsilibros Bedout ;
Número de parte o sección de la obra 108
9 (RLIN) 51195
Holdings
Estado de retiro Estado de pérdida Restricciones de uso No para préstamo Código de colección Localización permanente Ubicación/localización actual Ubicación en estantería Fecha de adquisición Número de inventario Total de préstamos Signatura topográfica completa Código de barras Fecha visto por última vez Precio válido a partir de Tipo de ítem Koha
        Monografías: Libros y Folletos General General En catalogación 08.02.2011 LF1   xxxxx N677g 24945-10 25.06.2020 25.06.2020 Préstamo en sala

Powered by Koha